01052nam a2200301 a 450000100060000000300100000600500170001600700030003300800410003602000180007704000300009504300120012508200240013708400100016110000410017124500900021225000180030230000530032033600270037333700330040033800280043350400610046165000450052265000450056765000470061265000400065970000510069958340CO-BoRNBP20250821204822.0ta181123s2017 ck a gr 000 j spa d a9789585961937 aCO-BoBLA bspa cCO-BoBLA as-ve---04aI863.6 bP19p6 219 aC PAZ1 aPaz Castillo, Fernando, d1893-1981.13aEl príncipe moro y el pescadito de oro / cFernando Paz Castillo, Jesús Cisneros. a1a. edición a[36] páginas : bilustraciones ; c19 x 25 cm. 2rdacontentatextobtxt 2rdamediaasin mediaciónbn 2rdacarrieravolumenbnc aIncluye referencias bibliográficas (páginas 218-222) 7aCuentos infantiles venezolanos.2BLAAUTO 7aLibros ilustrados para niños.2BLAAUTO 7aPríncipesv Cuentos infantiles.2BLAAUTO 7aPecesvCuentos infantiles.2BLAAUTO1 aCisneros Laguna, Jesús, d1969-eilustrador.